000 00975nam a2200229Ia 4500
001 L235-46200
003 IT-CnALBA
008 170116s9999||||xx |||||||||||||| ||und||
040 _aIT-CnALBA
_cIT-CnALBA
041 _aITALIANO
100 _aKAZMIERSKI R. CARL
245 0 _aGIOVANNI BATTISTA. PROFETA ED EVANGELISTA.
250 _a1a ed.
260 _aCINISELLO BALSAMO (MI)
_bEDIZIONI PAOLINE
_c1999 [1° Ed.:1999 - Ed.Ling.Originale: 1996]
300 _a130 p.
500 _aTRADUZIONE DALL'INGLESE. ALL'OMBRA DEL REGNO. ACQUA DEL DESERTO. I SERVI DEL REGNO. VISIONI. ERA DEL MESSIA. LE PIETRE PER ABRAMO.
501 _aSocietà San Paolo EM - Piazza San Paolo, 14 - 12051 ALBA (CN) (non commercial uses only) ® Copyright 2017
520 _aTRADUZIONE DALL'INGLESE. ALL'OMBRA DEL REGNO. ACQUA DEL DESERTO. I SERVI DEL REGNO. VISIONI. ERA DEL MESSIA. LE PIETRE PER ABRAMO.
650 _aMARIA SS. ANGELI SANTI DEMONI
942 _cBK
957 _71
999 _a52461
_bNO
_g Copie: 1
_c305139
_d305139